[Event "WchT Seniors 50"]
[Site "Krakow"]
[Date "2024.07.07"]
[Round "6.4"]
[White "Jezierska, Ivona"]
[Black "Zielinski, Olgierd"]
[Result "1-0"]
[WhiteElo "2079"]
[BlackElo "1913"]
[PlyCount "115"]
[EventDate "2024.07.02"]
[EventType "team-swiss"]
[EventRounds "9"]
[EventCountry "POL"]
[SourceTitle "CBM 221 Extra"]
[Source "ChessBase"]
[SourceDate "2024.09.30"]
[SourceVersion "1"]
[SourceVersionDate "2024.09.30"]
[SourceQuality "1"]
[WhiteTeam "USA 50 (W)"]
[BlackTeam "Poland Amateurs 50"]
[WhiteTeamCountry "USA"]
[BlackTeamCountry "POL"]

1. e4 c5 2. c3 d5 3. exd5 Qxd5 4. d4 Nc6 5. Nf3 Bf5 6. Be3 cxd4 7. Nxd4 Nxd4 8. cxd4 Nf6 9. Nc3 Qa5 10. Bc4 e6 11. Bb5+ Kd8 12. 0-0 Nd5 13. Qb3 Qb4 14. Nxd5 Qxb3 15. axb3 exd5 16. Bd2 Bd6 17. Ba5+ Ke7 18. Rfe1+ Kf6 19. Bd2 a6 20. Be2 Rhc8 21. g4 Be4 22. f3 Bc2 23. Rac1 g5 24. b4 Rc7 25. Bc3 Bg6 26. Ra1 Re8 27. Ra5 Rce7 28. Rxd5 Bxh2+ 29. Kxh2 Rxe2+ 30. Rxe2 Rxe2+ 31. Kg1 Ke6 32. Rxg5 b6 33. d5+ Kd6 34. Bg7 Re8 35. Kf2 Kd7 36. f4 Be4 37. Bd4 f5 38. Bxb6 Kd6 39. gxf5 Kxd5 40. f6+ Ke6 41. Bd4 Bg6 42. Kf3 Bd3 43. Rg7 Rf8 44. Kg4 Rf7 45. Rg8 Kd7 46. Kg5 Bc4 47. Ra8 Bb5 48. Bc5 Be2 49. Be7 Bf1 50. Rd8+ Kc7 51. Kf5 Bc4 52. Rd4 Bb3 53. Ke5 Kb7 54. Rd3 Ba2 55. b3 Bb1 56. Rc3 h5 57. Ke6 Bg6 58. f5 1-0

[Event "WchT Seniors 50"]
[Site "Krakow"]
[Date "2024.07.04"]
[Round "3.4"]
[White "Van Bentum, Horst"]
[Black "Zielinski, Olgierd"]
[Result "1/2-1/2"]
[WhiteElo "1951"]
[BlackElo "1913"]
[PlyCount "31"]
[EventDate "2024.07.02"]
[EventType "team-swiss"]
[EventRounds "9"]
[EventCountry "POL"]
[SourceTitle "CBM 221 Extra"]
[Source "ChessBase"]
[SourceDate "2024.09.30"]
[SourceVersion "1"]
[SourceVersionDate "2024.09.30"]
[SourceQuality "1"]
[WhiteTeam "Germany Graal 50"]
[BlackTeam "Poland Amateurs 50"]
[WhiteTeamCountry "GER"]
[BlackTeamCountry "POL"]

1. d4 d5 2. Nf3 Bf5 3. c3 e6 4. Bf4 Bd6 5. Bg3 Nf6 6. e3 h6 7. Nbd2 0-0 8. Be2 c5 9. Ne5 Nc6 10. f4 Ne4 11. Nxe4 Bxe4 12. 0-0 Ne7 13. Bd3 Nf5 14. Bf2 Bxd3 15. Qxd3 c4 16. Qe2 1/2-1/2

[Event "POL-chT 2nd League"]
[Site "Jastrzebia Gora"]
[Date "2023.09.04"]
[Round "3.70"]
[White "Zielinski, Olgierd"]
[Black "Powalka, Michal"]
[Result "0-1"]
[WhiteElo "1822"]
[BlackElo "1943"]
[PlyCount "78"]
[EventDate "2023.09.02"]
[EventType "team-swiss"]
[EventRounds "9"]
[EventCountry "POL"]
[SourceTitle "CBM 216 Extra"]
[Source "ChessBase"]
[SourceDate "2023.11.30"]
[SourceVersion "1"]
[SourceVersionDate "2023.11.30"]
[SourceQuality "1"]
[WhiteTeam "Torun UMK"]
[BlackTeam "Bialoleka Sparta"]
[WhiteTeamCountry "POL"]
[BlackTeamCountry "POL"]

1. e4 e5 2. Nf3 Nc6 3. Bb5 a6 4. Ba4 Nf6 5. d3 b5 6. Bb3 Be7 7. Nc3 0-0 8. a3 d6 9. Nd5 Nxd5 10. Bxd5 Bd7 11. h4 Rb8 12. Ng5 g6 13. c3 Bf6 14. Qf3 h5 15. Be3 Kg7 16. b4 Qe7 17. Kd2 Nd8 18. Qg3 c6 19. Bb3 Ne6 20. a4 bxa4 21. Rxa4 c5 22. Nxe6+ Bxe6 23. Bxe6 Qxe6 24. Rxa6 Qb3 25. Rc1 cxb4 26. cxb4 Rfc8 27. Rac6 Rxc6 28. Rxc6 Ra8 29. Rc1 Ra2+ 30. Ke1 Bxh4 31. Qf3 Qxb4+ 32. Kf1 Bd8 33. g4 h4 34. g5 Qb3 35. Qg4 Qxd3+ 36. Kg1 Ra4 37. Qxh4 Qxe4 38. Qh6+ Kg8 39. Rc8 Qg4+ 0-1

[Event "EU-chT Seniors 50"]
[Site "Swidnica"]
[Date "2023.07.19"]
[Round "8.3"]
[White "Zielinski, Olgierd"]
[Black "Kantorik, Marian"]
[Result "1/2-1/2"]
[WhiteElo "1831"]
[BlackElo "2200"]
[PlyCount "29"]
[EventDate "2023.07.12"]
[EventType "team-tourn"]
[EventRounds "9"]
[EventCountry "POL"]
[SourceTitle "CBM 215 Extra"]
[Source "ChessBase"]
[SourceDate "2023.09.30"]
[SourceVersion "1"]
[SourceVersionDate "2023.09.30"]
[SourceQuality "1"]
[WhiteTeam "Poland Amateurs 50"]
[BlackTeam "Slovakia 50"]
[WhiteTeamCountry "POL"]
[BlackTeamCountry "SVK"]

1. e4 e5 2. Nf3 Nc6 3. Bb5 a6 4. Ba4 d6 5. c3 Bd7 6. 0-0 Nge7 7. d4 Ng6 8. Re1 Be7 9. Nbd2 h6 10. Nf1 Bg5 11. d5 Nb8 12. Bc2 Bxc1 13. Rxc1 Nf4 14. Ne3 g6 15. g3 1/2-1/2

[Event "EU-chT Seniors 50"]
[Site "Swidnica"]
[Date "2023.07.16"]
[Round "5.5"]
[White "Ward, Christopher"]
[Black "Zielinski, Olgierd"]
[Result "0-1"]
[WhiteElo "2387"]
[BlackElo "1831"]
[PlyCount "92"]
[EventDate "2023.07.12"]
[EventType "team-tourn"]
[EventRounds "9"]
[EventCountry "POL"]
[SourceTitle "CBM 215 Extra"]
[Source "ChessBase"]
[SourceDate "2023.09.30"]
[SourceVersion "1"]
[SourceVersionDate "2023.09.30"]
[SourceQuality "1"]
[WhiteTeam "England 50"]
[BlackTeam "Poland Amateurs 50"]
[WhiteTeamCountry "ENG"]
[BlackTeamCountry "POL"]

1. d4 Nf6 2. c4 g6 3. h4 h5 4. Nc3 d5 5. Bg5 c6 6. Bxf6 exf6 7. cxd5 cxd5 8. e3 Nc6 9. Qb3 Bb4 10. Bd3 0-0 11. Nge2 Be6 12. Nf4 Qd7 13. 0-0 Rfd8 14. a3 Ba5 15. Na4 Qd6 16. Nxe6 Qxe6 17. Nc5 Qg4 18. Qxb7 Rdc8 19. b4 Bc7 20. f4 Nxd4 21. exd4 Bxf4 22. Rf3 Bg3 23. Qxd5 Qxh4 24. Rxg3 Qxg3 25. Qf3 Qd6 26. d5 f5 27. Kh1 a5 28. Nb7 Qf6 29. Rd1 axb4 30. axb4 Qh4+ 31. Kg1 Qxb4 32. d6 Rcb8 33. Rb1 Qd4+ 34. Kf1 Ra2 35. Rd1 Rxb7 36. Be2 Qa7 37. Qc6 Ra1 38. Qc8+ Kh7 39. Qc6 Rbb1 40. Qd5 Rxd1+ 41. Bxd1 Qd7 42. Kf2 Ra6 43. Bb3 Rxd6 44. Qxf7+ Qxf7 45. Bxf7 Kg7 46. Be8 Kf6 0-1

[Event "EU-ch Amateur U2000"]
[Site "Zagreb"]
[Date "2022.08.16"]
[Round "4"]
[White "Radic, Len"]
[Black "Zielinski, Olgierd"]
[Result "1-0"]
[WhiteElo "1498"]
[BlackElo "1842"]
[PlyCount "20"]
[EventDate "2022.08.14"]
[EventType "swiss"]
[EventRounds "9"]
[EventCountry "CRO"]
[SourceTitle "CBM 210 Extra"]
[Source "ChessBase"]
[SourceDate "2022.11.30"]
[SourceVersion "1"]
[SourceVersionDate "2022.11.30"]
[SourceQuality "1"]

1. d4 c5 2. d5 Nf6 3. c4 e6 4. Nc3 exd5 5. cxd5 d6 6. e4 g6 7. Nf3 Bg7 8. Bc4 0-0 9. 0-0 Re8 10. Re1 Bg4 1-0

[Event "EU-ch Amateur U2000"]
[Site "Zagreb"]
[Date "2022.08.16"]
[Round "3"]
[White "Zielinski, Olgierd"]
[Black "Ivekovic, Zvjezdana"]
[Result "1/2-1/2"]
[WhiteElo "1842"]
[BlackElo "1776"]
[PlyCount "33"]
[EventDate "2022.08.14"]
[EventType "swiss"]
[EventRounds "9"]
[EventCountry "CRO"]
[SourceTitle "CBM 210 Extra"]
[Source "ChessBase"]
[SourceDate "2022.11.30"]
[SourceVersion "1"]
[SourceVersionDate "2022.11.30"]
[SourceQuality "1"]

1. e4 c5 2. Nf3 d6 3. d4 cxd4 4. Qxd4 Nc6 5. Bb5 Bd7 6. Bxc6 Bxc6 7. Nc3 Nf6 8. Bg5 e6 9. 0-0-0 Be7 10. Rhe1 Qc7 11. Qd3 a6 12. Nd4 Rd8 13. Nxc6 Qxc6 14. Kb1 b5 15. f3 h6 16. Bxf6 gxf6 17. g4 1/2-1/2

[Event "EU-ch Seniors 50 21st"]
[Site "Lublin"]
[Date "2022.07.10"]
[Round "6"]
[White "Zielinski, Olgierd"]
[Black "Krzyzanowska Zadlo, Lidia"]
[Result "1-0"]
[WhiteElo "1816"]
[BlackElo "1732"]
[PlyCount "61"]
[EventDate "2022.07.05"]
[EventType "swiss"]
[EventRounds "9"]
[EventCountry "POL"]
[SourceTitle "CBM 209 Extra"]
[Source "ChessBase"]
[SourceDate "2022.09.30"]
[SourceVersion "1"]
[SourceVersionDate "2022.09.30"]
[SourceQuality "1"]

1. e4 c5 2. Nf3 e6 3. d4 cxd4 4. Nxd4 Nf6 5. Nc3 Bb4 6. Bd3 Nc6 7. Nxc6 bxc6 8. 0-0 d5 9. e5 Nd7 10. Qg4 Bf8 11. Qg3 Qc7 12. f4 g6 13. Kh1 Nc5 14. Nd1 a5 15. b3 a4 16. Bb2 axb3 17. axb3 Rxa1 18. Bxa1 Nxd3 19. Qxd3 Qa7 20. Ne3 Ba6 21. c4 Bc5 22. Ng4 dxc4 23. bxc4 Ke7 24. Rd1 Qc7 25. Bd4 Bxd4 26. Qxd4 c5 27. Qd6+ Qxd6 28. exd6+ Kd7 29. Ne5+ Kc8 30. d7+ Kc7 31. Nxf7 1-0

[Event "Torun Budlex"]
[Site "Torun"]
[Date "2021.08.05"]
[Round "6"]
[White "Blajet, Radoslaw"]
[Black "Zielinski, Olgierd"]
[Result "1-0"]
[WhiteElo "1792"]
[BlackElo "1802"]
[PlyCount "127"]
[EventDate "2021.07.31"]
[EventType "tourn"]
[EventRounds "9"]
[EventCountry "POL"]
[SourceTitle "EXT 2022"]
[Source "ChessBase"]
[SourceDate "2021.10.06"]
[SourceVersion "1"]
[SourceVersionDate "2021.10.06"]
[SourceQuality "1"]

1. d4 Nf6 2. c4 g6 3. Nc3 d5 4. Bg5 Ne4 5. Bh4 Nxc3 6. bxc3 dxc4 7. e3 Be6 8. Nf3 f6 9. Rb1 b6 10. Nd2 Bg7 11. f3 c6 12. a4 a6 13. Bxc4 Bxc4 14. Nxc4 b5 15. Nd2 Bh6 16. Bf2 Qd5 17. 0-0 0-0 18. c4 bxc4 19. Qc2 c3 20. Qxc3 e5 21. dxe5 fxe5 22. Ne4 Nd7 23. Rfd1 Qe6 24. Rd6 Qa2 25. Rbd1 Nb6 26. Qxc6 Nxa4 27. Rd7 Bg7 28. Qb7 Bh8 29. h4 Qc4 30. Rc7 Qb5 31. Rxh7 Nb2 32. Rdd7 Qxb7 33. Rxb7 Nd1 34. Rh6 Bg7 35. Rxg6 Rf7 36. Nf6+ Kf8 37. Nd7+ Kg8 38. h5 Rd8 39. Nc5 Rxb7 40. Nxb7 Rb8 41. Nc5 Kf7 42. Nxa6 Rb1 43. e4 Bf6 44. Nc7 Nxf2+ 45. Kxf2 Bh4+ 46. Ke2 Re1+ 47. Kd2 Rh1 48. Nd5 Bd8 49. g4 Ba5+ 50. Kd3 Bd8 51. Ne3 Rh3 52. Ke2 Rh2+ 53. Kf1 Be7 54. Nf5 Bc5 55. Rg7+ Kf8 56. Rc7 Bb6 57. Rb7 Bc5 58. Rb5 Rf2+ 59. Ke1 Rc2 60. g5 Bf2+ 61. Kf1 Ba7 62. g6 Rf2+ 63. Ke1 Rxf3 64. Rb7 1-0

[Event "Torun Budlex"]
[Site "Torun"]
[Date "2021.08.01"]
[Round "2"]
[White "Zielinski, Olgierd"]
[Black "Czarkowski, Tomasz"]
[Result "1/2-1/2"]
[WhiteElo "1802"]
[BlackElo "1891"]
[PlyCount "30"]
[EventDate "2021.07.31"]
[EventType "tourn"]
[EventRounds "9"]
[EventCountry "POL"]
[SourceTitle "EXT 2022"]
[Source "ChessBase"]
[SourceDate "2021.10.06"]
[SourceVersion "1"]
[SourceVersionDate "2021.10.06"]
[SourceQuality "1"]

1. e4 e6 2. d4 d5 3. Nc3 Nf6 4. e5 Ne4 5. Nxe4 dxe4 6. Bc4 c5 7. d5 Be7 8. Ne2 0-0 9. 0-0 b5 10. Bxb5 exd5 11. Nf4 Bb7 12. Nh5 Qb6 13. Qg4 Qg6 14. Qxg6 hxg6 15. Ng3 g5 1/2-1/2

[Event "EU-ch Amateur U2000"]
[Site "Rhodes"]
[Date "2019.04.07"]
[Round "2"]
[White "Zielinski, Olgierd"]
[Black "Mihalache, Paul Stelian"]
[Result "1-0"]
[WhiteElo "1850"]
[BlackElo "1830"]
[PlyCount "67"]
[EventDate "2019.04.06"]
[EventType "swiss"]
[EventRounds "9"]
[EventCountry "GRE"]
[SourceTitle "EXT 2020"]
[Source "ChessBase"]
[SourceDate "2019.10.17"]
[SourceVersion "1"]
[SourceVersionDate "2019.10.17"]
[SourceQuality "1"]

1. e4 c5 2. Nf3 Nc6 3. d4 cxd4 4. Nxd4 Nf6 5. Nc3 e5 6. Ndb5 d6 7. Bg5 a6 8. Bxf6 gxf6 9. Na3 b5 10. Nd5 f5 11. exf5 Bxf5 12. Qf3 Be6 13. Nf6+ Ke7 14. c3 Rc8 15. Nc2 Bg7 16. Nh5 Rg8 17. Ne3 Qd7 18. Bd3 Bh8 19. Bxh7 Bg4 20. Nxg4 Qxg4 21. Qxg4 Rxg4 22. Bf5 Rcg8 23. Bxg4 Rxg4 24. Ng3 Ke6 25. 0-0 f5 26. f3 Rg6 27. Rad1 d5 28. Ne2 Bf6 29. g3 Be7 30. Kg2 Bc5 31. f4 Rg8 32. fxe5 Nxe5 33. Nf4+ Kf7 34. Rxd5 1-0

[Event "EU Amateur-ch"]
[Site "Ruzomberok"]
[Date "2016.06.12"]
[Round "9"]
[White "Zielinski, Olgierd"]
[Black "Dagonia, Steve"]
[Result "1-0"]
[WhiteElo "1923"]
[BlackElo "1819"]
[PlyCount "79"]
[EventDate "2016.06.06"]
[EventType "swiss"]
[EventRounds "9"]
[EventCountry "SVK"]
[SourceTitle "CBM 172 Extra"]
[Source "ChessBase"]
[SourceDate "2016.06.21"]
[SourceVersion "1"]
[SourceVersionDate "2016.06.21"]
[SourceQuality "1"]

1. e4 d6 2. d4 Nf6 3. Nc3 c6 4. f4 e6 5. Nf3 Be7 6. Bd3 Nbd7 7. e5 dxe5 8. fxe5 Nd5 9. Nxd5 exd5 10. 0-0 Nf8 11. Qe1 Ne6 12. Qf2 0-0 13. c3 Ng5 14. Qc2 h6 15. Nxg5 Bxg5 16. Bh7+ Kh8 17. Bf5 Bxf5 18. Rxf5 f6 19. Bxg5 fxg5 20. Raf1 Qe7 21. Qf2 Kg8 22. Rxf8+ Rxf8 23. Qxf8+ Qxf8 24. Rxf8+ Kxf8 25. Kf2 Ke7 26. Ke3 Ke6 27. Kd3 b6 28. Kc2 c5 29. Kb3 cxd4 30. cxd4 a6 31. Kb4 Kd7 32. a4 Kc6 33. a5 b5 34. g4 g6 35. e6 Kd6 36. e7 Kxe7 37. Kc5 Ke6 38. b4 h5 39. h3 h4 40. Kc6 1-0